|
|
|
|
| LEADER |
00000nam0a2200000 4500 |
| 001 |
331996 |
| 005 |
20250211063211.0 |
| 035 |
|
|
|a (RuTPU)RU\TPU\book\357895
|
| 035 |
|
|
|a RU\TPU\book\338071
|
| 035 |
|
|
|a RU\TPU\book\353964
|
| 090 |
|
|
|a 331996
|
| 100 |
|
|
|a 20170214d1980 k y0rusy50 ca
|
| 101 |
0 |
|
|a rus
|
| 102 |
|
|
|a RU
|
| 105 |
|
|
|a a z 001zy
|
| 200 |
1 |
|
|a Автоматизация научных исследований
|e тематический сборник
|f Московский энергетический институт (МЭИ) ; под ред. Г. К. Круга
|
| 210 |
|
|
|a Москва
|c Изд-во МЭИ
|d 1980
|
| 215 |
|
|
|a 84 с.
|c ил.
|
| 225 |
1 |
|
|a Труды Московского энергетического института (МЭИ)
|v Вып. 445
|
| 320 |
|
|
|a Библиография в конце статей
|
| 500 |
1 |
0 |
|a Труды Московского энергетического института
|9 88841
|
| 606 |
1 |
|
|a Научно-исследовательская работа
|x Автоматизация
|2 stltpush
|3 (RuTPU)RU\TPU\subj\45143
|9 64405
|
| 610 |
1 |
|
|a автоматизированные системы
|
| 610 |
1 |
|
|a математическое обеспечение
|
| 610 |
1 |
|
|a микро-ЭВМ
|
| 610 |
1 |
|
|a научные исследования
|
| 610 |
1 |
|
|a эксперименты
|
| 610 |
1 |
|
|a оптимальные режимы
|
| 610 |
1 |
|
|a радиофизика
|
| 610 |
1 |
|
|a электродинамика
|
| 686 |
|
|
|a Ч215.3
|2 rubbk
|
| 702 |
|
1 |
|a Круг
|b Г. К.
|4 340
|
| 712 |
0 |
2 |
|a Московский энергетический институт (МЭИ)
|c (1930-1992)
|3 (RuTPU)RU\TPU\col\20092
|
| 801 |
|
0 |
|a RU
|b 63413507
|c 19950704
|g psbo
|
| 801 |
|
1 |
|a RU
|b 63413507
|c 20070814
|g PSBO
|
| 801 |
|
2 |
|a RU
|b 63413507
|c 20200827
|g PSBO
|
| 942 |
|
|
|c BK
|